The psychology of today's woman: new psychoanalytic (Record no. 36208)

MARC details
000 -LEADER
fixed length control field 00431nam a2200169Ia 4500
020 ## - INTERNATIONAL STANDARD BOOK NUMBER
ISBN 0674721098
050 ## - CALL MARK
Classification number RC 451 .4 .W6P77/
100 ## - STATEMENT OF RESPONSIBILITY--MAIN AUTHOR NAME
Personal name Bernay , Toni
245 #4 - TITLE STATEMENT
Title The psychology of today's woman: new psychoanalytic
260 ## - PUBLICATION, DISTRIBUTION, ETC. (IMPRINT)
Name of publisher Harvard University Press
260 ## - PUBLICATION, DISTRIBUTION, ETC. (IMPRINT)
Year of publication 1989
300 ## - PHYSICAL DESCRIPTION
Number of Pages 377 p
650 ## - SUBJECT ADDED ENTRY--TOPICAL TERM
Topical Term psychoanalysis
942 ## - ADDED ENTRY ELEMENTS (KOHA)
Koha item type Books
Holdings
Withdrawn status Lost status Source of classification or shelving scheme Damaged status Not for loan Permanent Location Current Location Date acquired Accession Number Price effective from Koha item type
    Library of Congress Classification     NILE UNIVERSITY OF NIGERIA - MAIN LIBRARY NILE UNIVERSITY OF NIGERIA - MAIN LIBRARY 04/23/2025 0008758 04/23/2025 Books